Než se pustíte do politické reklamy
V politickej a volebnej reklame povolené aj prostriedky, ktoré by v reklame na podporu podnikania boli neprípustné. Pravidlá volebnej kampane hodnotené z etického pohľadu. Sankcie za porušenie pravidiel . Reklama volebnej kampane politických strán v televízii a rozhlase. V ďalších mediách zákaz poli...
Enregistré dans:
| Auteur principal: | |
|---|---|
| Format: | Chapitre de livre |
| Langue: | tchèque |
| Sujets: | |
| Tags: |
Pas de tags, Soyez le premier à ajouter un tag!
|
MARC
| LEADER | 00000naa$a2200000$$$4500 | ||
|---|---|---|---|
| 001 | 0043103 | ||
| 005 | 20231016105243.4 | ||
| 041 | 0 | |a cze | |
| 044 | |a CZ | ||
| 245 | 1 | 0 | |a Než se pustíte do politické reklamy |c Libor Štajer |
| 520 | |a V politickej a volebnej reklame povolené aj prostriedky, ktoré by v reklame na podporu podnikania boli neprípustné. Pravidlá volebnej kampane hodnotené z etického pohľadu. Sankcie za porušenie pravidiel . Reklama volebnej kampane politických strán v televízii a rozhlase. V ďalších mediách zákaz politickej či volebnej reklamy pred zahájením volebnej kampane neplatí. Osobnostné právo politikov. | ||
| 610 | 2 | 0 | |a reklama |
| 610 | 2 | 0 | |a informácie |
| 610 | 2 | 0 | |a komunikácia masová |
| 610 | 2 | 0 | |a strany politické |
| 610 | 2 | 0 | |a politika |
| 610 | 2 | 0 | |a voľby |
| 610 | 2 | 0 | |a kampane volebné |
| 610 | 2 | 0 | |a právo |
| 610 | 2 | 0 | |a médiá |
| 100 | 1 | |a Štajer, Libor | |